| 000 | 00537nam a2200193Ia 4500 | ||
|---|---|---|---|
| 008 | 160404s9999 xx 000 0 und d | ||
| 050 | _aFIL HF 5667 | ||
| 050 | _b.S26 | ||
| 100 | _aSantos, Petronilo S. | ||
| 245 | _aReviewer in auditing theory / | ||
| 245 | _cPetronilo S. Santos, Gerardo S. Roque. | ||
| 260 | _aManila : | ||
| 260 | _bRoque Press, Inc., | ||
| 300 | _a332 pages : | ||
| 300 | _billustrations ; | ||
| 300 | _c22 cm. | ||
| 650 | _aAuditing -- Philippines. | ||
| 650 | _xAuditing -- Problems, exercises, etc. | ||
| 999 |
_c293237 _d293237 |
||